00868nam a22002417a 4500003000900000005001700009008002700026040002200053082002900075100003800104245006400142260004000206300001900246490001400265500007200279590002600351650002300377650002700400910002400427942001200451952014600463999001700609DO-SdBNP20230126093534.0220322b1967 dr 00| 0 spa d aBPMSUbspacBPMSU 4aRD863.44bV443a 19672221 aVeloz, Maggiolo Marciod1936-202114aLos ángeles de huesos : bnovela /cMarcio Veloz Maggiolo aSanto Domingo:bArte y Cine, c1967 a139 p ;c22 cm0 3El puño 3Incluye datos biográficos del autor en la solapa de la cubierta  6Inventariado, 2022/VM 4aNovela dominicana  4aLiteratura dominicana  aVMateo V./Validado  2ddccBK 00102ddc40708CDaBPMETbBPMETd2022-12-01eFamilia Reyes DulucoBPMUSU CD RD863.44 V443a 1967pBPMSU22120001r2022-12-01w2022-12-01yREF c14354d14354